|
|
|
|
| LEADER |
00000cam a2200000 7i4500 |
| 001 |
0000031953 |
| 005 |
20120425.0 |
| 008 |
120425 |
| 020 |
|
|
|a 9834418328
|
| 090 |
0 |
0 |
|a 297.63
|b MEN
|
| 245 |
1 |
0 |
|a Mengenali Rasulullah S.A.W.
|c penyusun oleh Ustaz Johari Yaman
|
| 260 |
|
|
|a Rawang :
|b Nadi minda resources ,
|c 2007
|
| 650 |
|
0 |
|a Muhammad, prophet, d. 632
|x biography
|
| 650 |
|
0 |
|a Muhammad. prophet, d 632
|
| 700 |
1 |
|
|a Johari Yaman
|
| 999 |
|
|
|a 0001141751
|b Book
|c Adult Collection
|e Perbadanan Perpustakaan Awam Johor
|
| 999 |
|
|
|a 0001141752
|b Book
|c Adult Collection
|e Perbadanan Perpustakaan Awam Johor
|
| 999 |
|
|
|a 0001141753
|b Book
|c Adult Collection
|e Cawangan Urban Transformation Centre
|